000 00456nmm a2200157Ia 4500
008 251105s9999||||xx |||||||||||||||||und||
020 _a9788468727530
041 _aspa
100 _aM. Anderson, Sarah
245 0 _aUn reencuentro perfecto
264 _a[Madrid, España] :
_bHarlequin,
_c[Fecha de publicación no identificada]
300 _a0 páginas
650 _aRomance
856 _uhttps://public.digitaliapublishing.com/a/91942
942 _cCF
999 _c83974
_d83974